|
|
|
|
| LEADER |
00839nam a2200277 a 4500 |
| 001 |
000025159 |
| 003 |
CZ BrMZK |
| 005 |
20020902120949.0 |
| 008 |
010907s1993 xr f cze d |
| 020 |
|
|
|a 80-901232-6-0
|
| 040 |
|
|
|a BOA001
|b cze
|
| 080 |
|
|
|a 54(075)
|2 MRF
|
| 080 |
|
|
|a 53(075)
|2 MRF
|
| 100 |
1 |
|
|a Jakeš, Petr,
|d 1940-2005
|7 jk01050668
|
| 245 |
1 |
0 |
|a Tahák z fyziky a chemie /
|c ..., Milan Dvořák
|
| 250 |
|
|
|a 1.vyd.
|
| 260 |
|
|
|a Havlíčkův Brod :
|b Tobiáš,
|c 1993
|
| 300 |
|
|
|a 240 s.
|
| 490 |
1 |
|
|a Tobík
|
| 700 |
1 |
|
|a Dvořák, Milan
|7 jx20040802011
|
| 830 |
|
0 |
|a Tobík
|0 s
|
| 910 |
|
|
|a BOA001
|b PK-A-0020.115
|
| 964 |
|
|
|a Chemie - přehledy pro žáky
|
| 964 |
|
|
|a Fyzika - přehledy pro žáky
|
| 990 |
|
|
|a BK
|
| 996 |
7 |
|
|b 3119995505
|c PK-A-0020.115
|l MZK
|r Sklad / do 1 hodiny
|n 2
|w 000025159
|u 000010
|a 1
|e BOA001
|j MZK50
|s A
|